000 00859nam a2200205 i 4500
001 181777
003 ES-MaACL
005 20230906221443.0
008 130326s1926 sp | |||| ||spa d
080 _a903(460.315)
100 1 _aBotella Candela, Ernesto.
_9152519
245 1 0 _aExcavaciones en la "Mola Alta" de Serelles (Alcoy)
_b: memoria de los trabajos y descubrimientos realizados /
_credactada por Ernesto Botella Candela.
260 _aMadrid :
_b[s.n.],
_c1926 (
_fTipografía de la "Revista de Archivos")
300 _a14 p., XIII lám. ;
_c25 cm.
490 1 _aJunta Superior de Excavaciones y Antigüedades ;
_vn. 79 = n. 9, 1924-25
651 4 _aAlcoy-
_xRestos arqueológicos.
_9152518
830 0 _aJunta Superior de Excavaciones y Antigüedades ;
_vn. 79 = n. 9, 1924-25
_9191570
852 _aES-MaACL
_jE-3374(9)
999 _c181777
_d181777